Normal view
MARC view
Entry Personal Name
001 - CONTROL NUMBER
- control field: 5393
003 - CONTROL NUMBER IDENTIFIER
- control field: ARRUPE
005 - DATE AND TIME OF LATEST TRANSACTION
- control field: 20131210140249.0
008 - FIXED-LENGTH DATA ELEMENTS
- fixed length control field: 131210|| aca||aabn | a|a d
040 ## - CATALOGING SOURCE
- Original cataloging agency: ARRUPE
- Transcribing agency: ARRUPE
100 ## - HEADING--PERSONAL NAME
- Personal name: Langmead, Ross
670 ## - SOURCE DATA FOUND
- Source citation: Work cat.: (ARRUPE): Langmead, Ross, Reimagining God and Mission, 2007